Quizzes
Events
Quiz Creation
Community
Videos
Private Events
Remove Ads
Sign In
Join for FREE
Feedback
Dark Mode
Quiz Categories
Sports
Geography
Music
Movies
Television
Just For Fun
Miscellaneous
History
Literature
Language
Science
Gaming
Entertainment
Religion
Holiday
For Kids
Quiz Lab
Recent
Popular Today
Quiz Kudos Today
Editor Picks
Curator Picks
Quizzes by...
Day
Popularity
Type
Ratings
Length
Year
Community
Subscriptions
Recent Discussions
Orange Saloon
Badges
Playlists
Quests
Create
Leaderboards
Showdown
Live 5
Trivia Bingo
Activity
Puzzle Library
Sporcle Events
Private Events
Virtual Trivia
Globe League
Become a Host
Pub Owners
SporcleCon
Opinionation
Our Games
Videos
Blog
Mobile Apps
Partnerships
Remove Ads and Go Orange
Feedback
History
US Presidents
World Leaders
Politics
Nation
Discovery
War
Decade
Year
Century
Biography
Art
History
US Presidents
World Leaders
Politics
Nation
Discovery
War
Decade
Year
Century
Biography
Art
Random Quiz
Search Sporcle
×
Curator Pick
Curator Pick
History
Letter
Select answers by clicking on text or image buttons
Select answers by clicking on text or image buttons
Clickable
Best Score? Go Orange.
PR - VI PR Match-Up (US Presidents) Stats
Can you match the first two letters of a (US) presidential surname and match it with the first two letters of his vice?
By
Ubbiebubbie
8m
49 Questions
146 Plays
146 Plays
146 Plays
Comments
Comments
Give Quiz Kudos
Give Quiz Kudos
-
- Ratings
hide this ad
More Info
Replay
Link that replays current quiz
Next Quiz
Link to next quiz in quiz playlist
You Got
0%
They Got
Avg Score
56%
Avg Friend Score
Upgrade to see
Score Distribution
Jump to the score distribution portion of the page
Score
0/49
Timer
08:00
0
Plays Today
% Correct
OB
92.5%
BU
85.6%
WA
84.2%
CL
82.2%
KE
80.1%
AD
79.5%
RO
78.8%
BU
78.1%
NI
77.4%
NI
75.3%
RE
75.3%
LI
74.7%
EI
71.9%
MC
71.2%
FO
67.8%
JE
65.1%
HA
64.4%
JO
63.7%
HA
61.6%
LI
58.9%
GA
58.9%
HA
56.8%
JA
56.2%
TA
54.8%
CA
51.4%
% Correct
BU
50.7%
VA
50%
RO
49.3%
TR
48.6%
JA
47.9%
GR
47.9%
RO
47.9%
MA
46.6%
JE
45.9%
CL
45.9%
AD
45.2%
CO
43.8%
PI
43.2%
MA
41.8%
WI
41.8%
TA
41.1%
HO
41.1%
MC
37.7%
PO
37%
HA
37%
GR
35.6%
RO
35.6%
MO
34.2%
CL
32.9%
Quiz Playlist
Details
Report
Send in Message
Add To Playlist
More Info:
Some presidents had no VPs at times, others had multiple.
Clickable:
Select answers by clicking on text or image buttons
Last Updated: Feb 16, 2017
Curator Pick in
US Presidents
Quiz Scoreboard
CHALLENGE
Sign Up to Join the Scoreboard
Show All
Scores
Hide
Comments
May contain spoilers
Recently Published
1-10 Letter E Words III
by El_Dandy
Language
2m
One Thing in Common: World Cities II
by knightlancer
Geography
7m
Popular People in 1961
by mucciniale
History
6m
More to Explore
Quiz From the Vault
Featured Blog Post
Where Did the Easter Bunny Come From?
hide this ad
You Might Also Like...
Tags
Clickable Quiz
Letter Quiz
US Presidents Quiz
Matching
Surname
Vice
Today's Top Quizzes in History
Browse History
hide this ad
Today's Top Quizzes in Letter
Browse Letter
Top Contributed Quizzes in History
1
Popular People in 1991
2
Popular People in 1981
3
Popular People in 1951
4
Popular People in 1941
5
Popular People in 1986
6
Popular People in 1921
7
Popular People in 1976
8
I Am Born On March 28th
9
Popular People in 1946
10
Popular People in 1936
Explore More
Trending Topics
Kpop
Crossword
NBA
Marvel
Anime
Harry Potter
Disney
Country
WWE
NFL
Soccer
Pokémon
The Office
Puzzle
Song
hide this ad
More By:
Ubbiebubbie
Quiz
Plays
Rating
Category
Featured
Created
100 Number Matching Madness
546,295
3.97
Just For Fun
Dec 4, 2012
Border Hopping Bonanza
407,508
3.30
Geography
Mar 30, 2012
Languages per Continent Minefield
193,201
3.78
Language
Aug 8, 2015
Mountain Range Country Minefield Blitz
112,415
4.34
Geography
Jul 23, 2015
Asian 'L' Countries
99,179
4.53
Geography
May 6, 2013
Go to Creator's Profile
Score Distribution
Quiz Creator Spotlight
Ubbiebubbie
Follow
Send a Message
Quizzes Created
-
Created Quiz Play Count
-
More By This Creator
Popular Quizzes Today
1
Find the US States - No Outlines Minefield
2
Find the Countries of Europe - No Outlines Minefield
3
The Countries of the World
4
Popular People in 1961
5
1-10 Letter E Words III
6
Find the US States
7
One Thing in Common: World Cities II
8
US States
More History Quizzes
Asian World Leaders
Editor's Pick
Trending Quizzes
Risky Map Clicking: Least Populous States A-Z
1-10 Letter F Words
1-10 Letter G Words
One Thing in Common: United Kingdom
Risky Map Clicking: Biggest States A-Z
Recently Updated
Leaping Animals
pecheneg
Reality TV Shows (A-Z)
bhenderson79
Rickey Henderson's Hall of Fame Teammates
pecheneg
Champions League XIs: Arsenal
pecheneg
Quick Pick: Celebrities in WWE's Hall of Fame
aduchscher
A-Z Keypad Blitz II
pecheneg
Multiple Oscar Actors
pecheneg
Mystery Phrase Blitz: Oscar 'Best Actors'
pecheneg
F. Scott Fitzgerald Novels
LTH
Pick 3 Villains
ddd62291
Trending Topics
NBA
Marvel
Harry Potter
Crossword
Disney
Kpop
Anime
Song
Country
Soccer
WWE
NFL
Pokémon
Puzzle
The Office
Your Account Isn't Verified!
In order to create a playlist on Sporcle, you need to verify the email address you used during registration. Go to your
Sporcle Settings
to finish the process.
Report this User
Report this user for behavior that violates our
Community Guidelines
.
Details:
Send Report
Go to the Sporcle.com Mobile Site →
Comments